| 000 | 00999nam a22003137a 4500 | ||
|---|---|---|---|
| 003 | CHAP | ||
| 005 | 20220329143444.0 | ||
| 008 | 091020s1986 gw a r 00010 d | ||
| 010 | _a96917 | ||
| 011 | _a97889 | ||
| 035 | _a108561 | ||
| 040 | _cCHAP | ||
| 082 | 0 | 0 |
_a576.163 _aM91 1986 |
| 100 | 0 | 0 |
_aMuller, Gunther. _979431 |
| 245 | 1 | 0 |
_aGrundlagen der Lebensmittelmikrobiologie : _bEine Einfuhrung _c/por Gunther Muller |
| 250 | _a6 ed. rev. | ||
| 260 |
_aLeipzig : _bVEB Fachubuchverlag, _c1986 |
||
| 300 |
_a332 p. : _bilus., cuadros, gráfs. |
||
| 590 |
_aBATCH-UPD _b10 _c20130110 _lUCH01 _h1445 |
||
| 590 |
_aBATCH-UPD _b10 _c20130410 _lUCH01 _h0915 |
||
| 590 |
_aBATCH-UPD _b10 _c20130914 _lUCH01 _h0217 |
||
| 590 |
_aCONVERSION _b10 _c20130109 _lUCH01 _h1354 |
||
| 650 | 1 | 4 |
_aAlimentos _xBacteriología. _94171 |
| 650 | 1 | 4 |
_aMicrobiología. _975490 |
| 901 | _aBK | ||
| 911 | _aen proceso | ||
| 942 | _cLIBRO | ||
| 949 |
_a576.163 M91 1986 _bBC _cLIBRO _d33724002135413 _eLIBRO _h111128 _i108561 _sb |
||
| 999 |
_c96917 _d96917 |
||